000 00214nam a22000857a 4500
008 170601b xxu||||| |||| 00| 0 eng d
100 _93185
_aVarki. M
245 _aPhilately for the young
260 _aNew Delhi
_bCBT
_c1999
999 _c6488
_d6488